Kommunen im Rhein-Sieg-Kreis - Statistiken

Allgemein
  • Dieses Quiz wurde 102 mal gespielt
  • Das Durchschnittsergebnis liegt bei 12 aus 19
Antwortstatistiken
Einwohnerzahl Kommune % Korrekt
42.445 Siegburg
94%
75.901 Troisdorf
94%
25.061 Bad Honnef
81%
48.188 Hennef (Sieg)
81%
56.521 Sankt Augustin
81%
40.574 Königswinter
79%
19.172 Eitorf
70%
30.992 Lohmar
64%
19.555 Windeck
60%
20.283 Neunkirchen-Seelscheid
55%
38.485 Niederkassel
55%
48.203 Bornheim
53%
24.925 Meckenheim
51%
14.561 Much
49%
10.887 Ruppichteroth
47%
23.719 Alfter
43%
26.918 Rheinbach
42%
18.580 Swisttal
42%
20.471 Wachtberg
42%
Keine übereinstimmenden Quizze gefunden
Verteilung der Resultate
Anzahl Personen mit jedem Resultat
Perzentil nach korrekt beantworteten Fragen
Ihre Resultats-Entwicklung
Sie haben dieses Quiz noch nicht gespielt